| 000 | 01733nam0a22003491 4500 | ||
|---|---|---|---|
| 001 | rc\4358476 | ||
| 005 | 20260405193404.0 | ||
| 021 |
_aRU _b[59-31362ж] |
||
| 035 | _a(NLR Aleph) 008533437 | ||
| 090 |
_a8302164 _c8302164 |
||
| 100 | _a20130416d1959 |||y0rusy50 ca | ||
| 101 | 0 | _arus | |
| 102 | _aRU | ||
| 105 | _aab z ||||| | ||
| 200 | 1 |
_aГеографическая характеристика Берингова моря _eРельеф дна и донные отложения _f[Отв. ред. д-р геол.-мин. наук П.Л. Безруков] |
|
| 210 |
_aМосква _cИзд-во Акад. наук _d1959 |
||
| 215 |
_a188 с., 4 л. черт. и карт., 1 отд. л. карт. _cчерт., карт. _d26 |
||
| 225 | 1 |
_aАкадемия наук СССР. Труды Института океанологии _vТ. 29 |
|
| 300 | _aАвт. разделов: д-р геогр. наук проф. А.Д. Добровольский, кандидаты геогр. наук А.С. Ионин, Г.Б. Удинцев и др. | ||
| 320 | _aБиблиогр.: с. 184-187 | ||
| 607 |
_aБерингово море _xРельеф дна _2psbo |
||
| 607 |
_aБерингово море _xДонные отложения _2psbo |
||
| 701 | 1 |
_aДобровольский _bА.Д. |
|
| 701 | 1 |
_aИонин _bА.С. |
|
| 701 | 1 |
_8rus _7ca _aУдинцев _bГ. В. _f1923-2017 _gГлеб Борисович _3RU\NLR\AUTH\7785191 _968119 |
|
| 702 | 1 |
_4340 _7ca _8rus _aБезруков _bП. Л. _f1909-1981 _gПантелеймон Леонидович _9193709 _3RU\NLR\AUTH\770193760 |
|
| 801 | 0 |
_aRU _bNLR _gpsbo |
|
| 801 | 1 |
_aRU _bELAR _2rusmarc |
|
| 852 |
_aNLR _jП7/296 |
||
| 942 | _cBOOK | ||
| 980 | _aNB | ||